000 00488cam a22001574a 4500
999 _c13472
_d13472
020 _a041526619X (pbk.)
082 0 0 _a370.154
100 1 _aGilbert, Ian,
245 1 0 _aEssential motivation in the classroom /
_cIan Gilbert.
250 _aSecond Edition
260 _aLondon ;
_aNew York :
_bRoutledgeFalmer,
_c2002.
300 _axiii, 191 pages :
_bill. ;
650 0 _aMotivation in education.
856 4 2 _uhttp://www.loc.gov/catdir/enhancements/fy0650/2002068145-d.html
942 _cBK